La participación ciudadana en la Constitución Política
Сохранить в:
| Главный автор: | |
|---|---|
| Формат: | |
| Язык: | испанский |
| Опубликовано: |
Santiago
Andrés Bello
1983
|
| Редактирование: | 4a. ed |
| Предметы: | |
| Метки: |
Добавить метку
Нет меток, Требуется 1-ая метка записи!
|
MARC
| LEADER | 00000nam a2200000 a 4500 | ||
|---|---|---|---|
| 001 | UCP2037 | ||
| 003 | CL-VaPUC | ||
| 008 | 990430e19830800CL |||||||||||||||||spa|d | ||
| 082 | 0 | 4 | |a 342.83 |b ERR |2 21 |
| 100 | 0 | |a Errázuriz Eguiguren, Maximiano |e author |9 428448 | |
| 245 | 1 | 3 | |a La participación ciudadana en la Constitución Política |
| 250 | |a 4a. ed | ||
| 300 | |a 260 p | ||
| 942 | |c BK | ||
| 945 | |d 19990430 00:00:00 |a lriquelm | ||
| 260 | |a Santiago |b Andrés Bello |c 1983 | ||
| 600 | 0 | 7 | |a CONSTITUCION POLITICA DE 1980 |2 CL-VaPUC |9 255131 |
| 650 | 0 | |a Derecho constitucional |9 222588 | |
| 650 | 7 | |a PARTICIPACION POLITICA |2 CL-VaPUC |9 428449 | |
| 650 | 0 | |a Libertad individual |9 352859 | |
| 651 | 7 | |a CHILE |2 CL-VaPUC |9 428450 | |
| 583 | |a last modification |c 19990430 00:00:00 |k Rodrigo Vera | ||
| 999 | |c 280648 |d 280646 | ||
| 952 | |0 0 |1 0 |4 0 |6 342_830000000000000_ERR_1983 |7 0 |8 A |9 321075 |a BIBHIS |b BIBHIS |d 2019-11-20 |i 1339850 |o 342.83 ERR 1983 |p 1339850 |r 2025-01-20 |w 2019-11-20 |y BK |k HIS | ||